000 00866 a2200217 4500
005 20080925142237.0
008 080925t xxu||||| |||| 00| 0 eng d
010 _aENG-87922
020 _a8189557718
_c750.00
035 _aEN-71455
037 _bDBAD / PUB
082 _a954.02
100 _aChakraborty, A.
245 _aHistory of medieval India/
_cby A. Chakraborty [and] S.K. Biswal
260 _aNew Delhi
_bArise Publishers & Distributors
_c2007
270 _a4648/1, 21, Ansari Road, Darya Ganj,
_bNew Delhi
_e110 002
300 _av, 336p.
_c22cm. (Hb)
500 _aIncludes bibliographical references and index
942 _adpl
_cEN
_k954.02 / CHA
_2ddc
_h954.02
_mCHA
999 _c7435
_d7435